[Event "chess.com SpeedChess 2022"]
[Site "chess.com INT"]
[Date "2022.12.08"]
[Round "1.31"]
[White "So, Wesley"]
[Black "Abdusattorov, Nodirbek"]
[Result "0-1"]
[WhiteTitle "GM"]
[BlackTitle "GM"]
[WhiteElo "2760"]
[BlackElo "2713"]
[WhiteFideId "5202213"]
[BlackFideId "14204118"]
[EventDate "2022.11.23"]
[EventType "k.o."]

1. e4 c5 2. Nf3 e6 3. d4 cxd4 4. Nxd4 Nf6 5. Nc3 Nc6 6. Ndb5 Bb4 7. a3 Bxc3+ 8.
Nxc3 d5 9. Bd3 dxe4 10. Nxe4 Nxe4 11. Bxe4 Qxd1+ 12. Kxd1 Bd7 13. Be3 O-O-O 14.
Ke2 e5 15. Rhd1 f5 16. Bd5 Kc7 17. f3 b6 18. Rd2 Ne7 19. Bc4 f4 20. Bf2 Bf5 21.
Rad1 Rxd2+ 22. Rxd2 Nc8 23. a4 Nd6 24. Bd5 Re8 25. Kf1 g5 26. b3 e4 27. Bd4 e3
28. Re2 Be6 29. Bxe6 Rxe6 30. Bb2 Nf5 31. Re1 Kc6 32. Ke2 Rd6 33. Bc3 h5 34. g3
Nd4+ 35. Bxd4 Rxd4 36. gxf4 gxf4 37. Rd1 Rxd1 38. Kxd1 b5 39. axb5+ Kxb5 40. c3
a5 41. Kc2 a4 42. bxa4+ Kxa4 43. h4 Ka3 0-1

[Event "chess.com SpeedChess 2022"]
[Site "chess.com INT"]
[Date "2022.12.08"]
[Round "1.32"]
[White "Abdusattorov, Nodirbek"]
[Black "So, Wesley"]
[Result "0-1"]
[WhiteTitle "GM"]
[BlackTitle "GM"]
[WhiteElo "2713"]
[BlackElo "2760"]
[WhiteFideId "14204118"]
[BlackFideId "5202213"]
[EventDate "2022.11.23"]
[EventType "k.o."]

1. e4 e5 2. Nf3 Nc6 3. Bb5 Nf6 4. d3 Bc5 5. Bg5 h6 6. Bh4 g5 7. Bg3 d6 8. Nc3
O-O 9. Na4 Nd4 10. Nxd4 Bxd4 11. c3 Bb6 12. Nxb6 axb6 13. O-O Bd7 14. Bc4 b5 15.
Bb3 Be6 16. Bxe6 fxe6 17. Qb3 Qd7 18. f3 Kg7 19. d4 Nh5 20. Bf2 Nf4 21. Be3 Ra6
22. Rad1 exd4 23. cxd4 Ng6 24. d5 e5 25. Rc1 Ra4 26. h3 Nf4 27. Bxf4 gxf4 28.
Rc2 c5 29. dxc6 bxc6 30. Rd1 Rf6 31. Rcd2 c5 32. Qd5 Rd4 33. Qa8 Rf8 34. Qa5 Qb7
35. b4 Ra8 0-1

[Event "chess.com SpeedChess 2022"]
[Site "chess.com INT"]
[Date "2022.12.08"]
[Round "1.33"]
[White "So, Wesley"]
[Black "Abdusattorov, Nodirbek"]
[Result "1/2-1/2"]
[WhiteTitle "GM"]
[BlackTitle "GM"]
[WhiteElo "2760"]
[BlackElo "2713"]
[WhiteFideId "5202213"]
[BlackFideId "14204118"]
[EventDate "2022.11.23"]
[EventType "k.o."]

1. d4 Nf6 2. c4 e6 3. Nc3 Bb4 4. e3 O-O 5. Bd3 d5 6. a3 Be7 7. Nf3 b6 8. cxd5
exd5 9. O-O Bb7 10. b4 c6 11. Qb3 Nbd7 12. Rd1 Bd6 13. e4 dxe4 14. Nxe4 Nxe4 15.
Bxe4 Nf6 16. Bg5 h6 17. Bxf6 Qxf6 18. b5 Rac8 19. Rac1 Bf4 20. Rc3 Rfe8 21. Qc2
Qe7 22. Bxc6 Red8 23. g3 Bd6 24. Re1 Qc7 25. Rc1 Qe7 26. Kg2 Bxc6 27. bxc6 Bc7
28. a4 Qd6 29. Re1 a6 30. h4 b5 31. Rb1 Ba5 32. Rc5 Bb6 33. Rc3 Ba5 34. Rc5 Bb6
35. Rc3 Ba5 1/2-1/2

[Event "chess.com SpeedChess 2022"]
[Site "chess.com INT"]
[Date "2022.12.08"]
[Round "1.34"]
[White "Abdusattorov, Nodirbek"]
[Black "So, Wesley"]
[Result "1-0"]
[WhiteTitle "GM"]
[BlackTitle "GM"]
[WhiteElo "2713"]
[BlackElo "2760"]
[WhiteFideId "14204118"]
[BlackFideId "5202213"]
[EventDate "2022.11.23"]
[EventType "k.o."]

1. e4 e5 2. Nf3 Nf6 3. Nxe5 d6 4. Nf3 Nxe4 5. d4 d5 6. Bd3 Bf5 7. O-O Be7 8. Re1
O-O 9. Nbd2 Nd6 10. Nf1 c6 11. Ng3 Bxd3 12. Qxd3 Na6 13. b3 Nc7 14. Bd2 Re8 15.
Re2 Bf8 16. Rae1 Rxe2 17. Rxe2 f6 18. h4 Qd7 19. h5 Re8 20. Rxe8 Ndxe8 21. c4
Ne6 22. Nf5 g6 23. hxg6 hxg6 24. Ne3 Kf7 25. g3 Bg7 26. Bb4 N8c7 27. Kg2 f5 28.
Bc3 a6 29. a4 Bf6 30. Nc2 Qd6 31. a5 Qd7 32. Qe2 Ne8 33. Nb4 dxc4 34. bxc4 Nd6
35. Nd3 Nxc4 36. Qa2 Qd5 37. Qxc4 Qxc4 38. Nde5+ Bxe5 39. Nxe5+ Ke7 40. Nxc4 Nc7
41. Bb4+ 1-0

[Event "chess.com SpeedChess 2022"]
[Site "chess.com INT"]
[Date "2022.12.08"]
[Round "1.35"]
[White "So, Wesley"]
[Black "Abdusattorov, Nodirbek"]
[Result "1-0"]
[WhiteTitle "GM"]
[BlackTitle "GM"]
[WhiteElo "2760"]
[BlackElo "2713"]
[WhiteFideId "5202213"]
[BlackFideId "14204118"]
[EventDate "2022.11.23"]
[EventType "k.o."]

1. d4 Nf6 2. c4 e6 3. Nc3 Bb4 4. e3 O-O 5. Bd3 d5 6. a3 Bxc3+ 7. bxc3 b6 8. cxd5
exd5 9. Ne2 c5 10. O-O Ba6 11. f3 Re8 12. Ra2 Qc8 13. Ng3 Nc6 14. Re2 h5 15.
Bxa6 Qxa6 16. e4 cxd4 17. cxd4 Qc4 18. Bb2 dxe4 19. fxe4 h4 20. Rxf6 hxg3 21.
Rf3 gxh2+ 22. Kxh2 Rad8 23. Rg3 Nxd4 24. Ree3 Re6 25. Qh5 Rdd6 26. Rh3 Rh6 27.
Qg4 Qc7 28. e5 Rdg6 29. Qxd4 Qc2 30. Rg3 Rxh3+ 31. Kxh3 Rh6+ 32. Kg4 Rg6+ 33.
Kh3 Rh6+ 34. Kg4 Rg6+ 35. Kf4 Rc6 36. Qd8+ Kh7 37. Rh3+ Rh6 38. Rxh6+ gxh6 39.
Qd4 Kg8 40. e6 Qc7+ 41. Qe5 Qc4+ 42. Kf5 Qc2+ 43. Kf6 Qc6 44. Ke7 Qb7+ 45. Kf6
Qc6 46. Qg3+ Kf8 47. Qb8+ 1-0

[Event "chess.com SpeedChess 2022"]
[Site "chess.com INT"]
[Date "2022.12.08"]
[Round "1.36"]
[White "Abdusattorov, Nodirbek"]
[Black "So, Wesley"]
[Result "0-1"]
[WhiteTitle "GM"]
[BlackTitle "GM"]
[WhiteElo "2713"]
[BlackElo "2760"]
[WhiteFideId "14204118"]
[BlackFideId "5202213"]
[EventDate "2022.11.23"]
[EventType "k.o."]

1. e4 e5 2. Nf3 Nc6 3. Bb5 Nf6 4. d3 Bc5 5. Bxc6 dxc6 6. Nbd2 Be6 7. O-O Bd6 8.
b3 Nd7 9. Nc4 Qe7 10. Ng5 Bxc4 11. bxc4 O-O 12. Nf3 b5 13. cxb5 cxb5 14. g3 Nc5
15. Nh4 g6 16. Ng2 Ne6 17. f4 f5 18. Bb2 exf4 19. gxf4 fxe4 20. dxe4 Rad8 21.
Qg4 Bc5+ 22. Kh1 Bd4 23. Ba3 c5 24. Rad1 Bg7 25. f5 Rxd1 26. Rxd1 gxf5 27. exf5
Nc7 28. Bb2 Ne8 29. Re1 Qb7 30. Rxe8 Rxe8 31. h3 Re1+ 32. Kh2 Qc7+ 33. Qg3 Qxg3+
34. Kxg3 Re2 0-1

[Event "chess.com SpeedChess 2022"]
[Site "chess.com INT"]
[Date "2022.12.08"]
[Round "1.37"]
[White "So, Wesley"]
[Black "Abdusattorov, Nodirbek"]
[Result "1-0"]
[WhiteTitle "GM"]
[BlackTitle "GM"]
[WhiteElo "2760"]
[BlackElo "2713"]
[WhiteFideId "5202213"]
[BlackFideId "14204118"]
[EventDate "2022.11.23"]
[EventType "k.o."]

1. d4 Nf6 2. c4 e6 3. Nc3 Bb4 4. e3 O-O 5. Bd3 d5 6. a3 Bxc3+ 7. bxc3 c5 8. cxd5
exd5 9. Ne2 b6 10. O-O Ba6 11. f3 Re8 12. Ng3 Qc8 13. Ra2 Nbd7 14. Re2 Nf8 15.
e4 cxd4 16. cxd4 Bxd3 17. Qxd3 N6d7 18. e5 Qc4 19. Qe3 Ne6 20. Bb2 g6 21. h4 f5
22. exf6 Nxf6 23. Rfe1 Qc7 24. Qf2 Nf4 25. Rxe8+ Rxe8 26. Rxe8+ Nxe8 27. Qe3 Nf6
28. Bc1 Nd3 29. Qe6+ Kg7 30. Bg5 Qf7 31. Bh6+ Kg8 32. Qc8+ Qe8 33. Qc7 Qf7 34.
Qb8+ Ne8 35. Nf1 Qe7 36. Ne3 Kf7 37. Qg3 Qe6 38. Bg5 Nd6 39. h5 gxh5 40. Qh4 Kg6
41. Bf4 h6 42. Qg3+ Kf7 43. Qh4 Nxf4 44. Qxf4+ Kg6 45. Kh2 Nf7 46. Qg3+ Kh7 47.
Qf4 Ng5 48. Qc7+ Kg6 49. Nf1 Qf6 50. Qxa7 Qxd4 51. Qc7 Qf6 52. Ng3 h4 53. Ne2
Nf7 54. Nf4+ Kg7 55. Nh5+ Kg6 56. Nxf6 Kxf6 57. Qxb6+ 1-0

[Event "chess.com SpeedChess 2022"]
[Site "chess.com INT"]
[Date "2022.12.08"]
[Round "1.38"]
[White "Abdusattorov, Nodirbek"]
[Black "So, Wesley"]
[Result "1-0"]
[WhiteTitle "GM"]
[BlackTitle "GM"]
[WhiteElo "2713"]
[BlackElo "2760"]
[WhiteFideId "14204118"]
[BlackFideId "5202213"]
[EventDate "2022.11.23"]
[EventType "k.o."]

1. e4 e5 2. Nf3 Nf6 3. Nxe5 d6 4. Nf3 Nxe4 5. d3 Nf6 6. d4 g6 7. Bd3 Bg7 8. O-O
O-O 9. h3 c5 10. Bg5 h6 11. Bh4 Nc6 12. dxc5 dxc5 13. Nc3 Be6 14. Re1 Nb4 15.
Bxg6 Qxd1 16. Raxd1 Rad8 17. Rxd8 Rxd8 18. Ne4 fxg6 19. Nxf6+ Bxf6 20. Rxe6 Bxh4
21. Rxg6+ Kh7 22. Nxh4 Rd1+ 23. Kh2 Rd4 24. Rg4 Nxc2 25. Nf5 Rxg4 26. hxg4 Nb4
27. Nd6 b6 28. a4 Nd3 29. Nc4 Nxf2 30. Kg3 Nd3 31. Kf3 Kg6 32. Ke4 Nf2+ 33. Kd5
Nxg4 34. Kc6 h5 35. Kb7 Nf6 36. Kxa7 Nd5 37. Kb7 h4 38. Kc6 Nf4 39. Ne5+ Kf5 40.
Nf3 Nxg2 41. Kxb6 h3 42. a5 Kf4 43. Nh2 Kg3 44. a6 Kxh2 45. a7 Kg3 46. a8=Q h2
47. Qa1 Nf4 48. Kxc5 Kg2 49. Qa8+ Kg1 50. Qg8+ Kf2 51. Qh7 Kg2 52. Qg7+ Kf2 53.
Qh6 Kg3 54. Qg5+ Kf3 55. Qh4 Nd3+ 56. Kd4 Kg2 57. Kxd3 h1=Q 58. Qxh1+ Kxh1 59.
b4 Kg2 60. b5 Kf3 61. b6 Kg4 62. b7 Kg5 63. b8=Q Kh6 64. Qg8 Kh5 65. Ke4 Kh4 66.
Kf4 Kh3 67. Qg3# 1-0

[Event "chess.com SpeedChess 2022"]
[Site "chess.com INT"]
[Date "2022.12.08"]
[Round "1.39"]
[White "So, Wesley"]
[Black "Abdusattorov, Nodirbek"]
[Result "0-1"]
[WhiteTitle "GM"]
[BlackTitle "GM"]
[WhiteElo "2760"]
[BlackElo "2713"]
[WhiteFideId "5202213"]
[BlackFideId "14204118"]
[EventDate "2022.11.23"]
[EventType "k.o."]

1. d4 d5 2. c4 e6 3. Nc3 Nf6 4. Bg5 Be7 5. e3 O-O 6. Nf3 Ne4 7. Bxe7 Qxe7 8. Rc1
Nxc3 9. Rxc3 c6 10. Be2 Nd7 11. O-O dxc4 12. Rxc4 e5 13. Qc2 exd4 14. Nxd4 Nb6
15. Rc5 Nd5 16. Bf3 Nb4 17. Qc4 Nd3 18. Rh5 Ne5 19. Qc2 g6 20. Rxe5 Qxe5 21. b4
Bf5 22. Qc3 Rfe8 23. a4 Be4 24. Be2 a5 25. b5 c5 26. Rd1 cxd4 27. Qxd4 Rad8 28.
Qxe5 Rxd1+ 29. Bxd1 Rxe5 30. f3 Rc5 31. Kf2 Bc2 32. Ke2 Bxd1+ 33. Kxd1 Rc4 34.
Kd2 Rxa4 35. e4 Rb4 36. Kc3 Rxb5 37. h4 a4 38. Kc4 Rb1 39. Kc3 a3 40. Kc4 a2 41.
Kc5 a1=Q 42. Kd6 Qd4+ 43. Kc7 Rc1+ 44. Kb8 b5 45. Kb7 Qd6 46. Ka7 Rc7+ 47. Kb8
Qd8# 0-1

[Event "chess.com SpeedChess 2022"]
[Site "chess.com INT"]
[Date "2022.12.08"]
[Round "1.310"]
[White "Abdusattorov, Nodirbek"]
[Black "So, Wesley"]
[Result "0-1"]
[WhiteTitle "GM"]
[BlackTitle "GM"]
[WhiteElo "2713"]
[BlackElo "2760"]
[WhiteFideId "14204118"]
[BlackFideId "5202213"]
[EventDate "2022.11.23"]
[EventType "k.o."]

1. e4 e5 2. Nf3 Nf6 3. Nc3 Nc6 4. Bb5 Nd4 5. Bc4 Bc5 6. O-O d6 7. Nxd4 Bxd4 8.
d3 c6 9. Ne2 Bb6 10. Ng3 O-O 11. Qf3 Bg4 0-1

[Event "chess.com SpeedChess 2022"]
[Site "chess.com INT"]
[Date "2022.12.08"]
[Round "1.311"]
[White "So, Wesley"]
[Black "Abdusattorov, Nodirbek"]
[Result "0-1"]
[WhiteTitle "GM"]
[BlackTitle "GM"]
[WhiteElo "2760"]
[BlackElo "2713"]
[WhiteFideId "5202213"]
[BlackFideId "14204118"]
[EventDate "2022.11.23"]
[EventType "k.o."]

1. e3 d5 2. d4 Nf6 3. Nf3 g6 4. c4 Bg7 5. cxd5 O-O 6. Be2 Nxd5 7. e4 Nb6 8. Be3
Bg4 9. Nbd2 Nc6 10. h3 Bxf3 11. Nxf3 f5 12. Qb3+ Kh8 13. exf5 gxf5 14. O-O-O f4
15. Bd2 Nd5 16. Kb1 e6 17. Ng5 Qxg5 0-1

[Event "chess.com SpeedChess 2022"]
[Site "chess.com INT"]
[Date "2022.12.09"]
[Round "2.11"]
[White "Ding, Liren"]
[Black "Nihal, Sarin"]
[Result "1-0"]
[WhiteTitle "GM"]
[BlackTitle "GM"]
[WhiteElo "2811"]
[BlackElo "2670"]
[WhiteFideId "8603677"]
[BlackFideId "25092340"]
[EventDate "2022.11.23"]
[EventType "k.o."]

1. e4 c6 2. d4 d5 3. e5 c5 4. Nf3 cxd4 5. Nxd4 Nc6 6. Nxc6 bxc6 7. Bd3 e6 8. O-O
Ne7 9. Nd2 a5 10. Nf3 Ba6 11. Bxa6 Rxa6 12. c4 Ng6 13. cxd5 cxd5 14. h4 h5 15.
Be3 Be7 16. g3 O-O 17. Bd4 Rc6 18. Ne1 f6 19. Qxh5 Nxe5 20. Bxe5 fxe5 21. Qxe5
Bf6 22. Qe2 e5 23. Rd1 e4 24. Ng2 Rd6 25. Nf4 Re8 26. Rxd5 Rxd5 27. Qc4 Re5 28.
Rd1 Qc7 29. Qxc7 Rxd1+ 30. Kg2 Rd2 31. Ng6 Re8 32. Qc4+ Kh7 33. Qf7 Rc8 34. Nf8+
Kh8 35. Ng6+ Kh7 36. Ne7 Rc5 37. Qg6+ Kh8 38. Qe8+ Kh7 39. Qg8+ Kh6 40. Qh8# 1-0

[Event "chess.com SpeedChess 2022"]
[Site "chess.com INT"]
[Date "2022.12.09"]
[Round "2.12"]
[White "Nihal, Sarin"]
[Black "Ding, Liren"]
[Result "1-0"]
[WhiteTitle "GM"]
[BlackTitle "GM"]
[WhiteElo "2670"]
[BlackElo "2811"]
[WhiteFideId "25092340"]
[BlackFideId "8603677"]
[EventDate "2022.11.23"]
[EventType "k.o."]

1. e4 c5 2. Nf3 d6 3. Nc3 Nf6 4. e5 dxe5 5. Nxe5 a6 6. g3 Qc7 7. d4 cxd4 8. Qxd4
Nc6 9. Nxc6 Qxc6 10. Bg5 Bg4 11. Bxf6 gxf6 12. Qxg4 Qxh1 13. O-O-O Qc6 14. Nd5
Rd8 15. Bg2 Qc8 16. Kb1 e6 17. Nxf6+ Ke7 18. Qb4+ Kxf6 19. Qh4+ 1-0

[Event "chess.com SpeedChess 2022"]
[Site "chess.com INT"]
[Date "2022.12.09"]
[Round "2.13"]
[White "Ding, Liren"]
[Black "Nihal, Sarin"]
[Result "0-1"]
[WhiteTitle "GM"]
[BlackTitle "GM"]
[WhiteElo "2811"]
[BlackElo "2670"]
[WhiteFideId "8603677"]
[BlackFideId "25092340"]
[EventDate "2022.11.23"]
[EventType "k.o."]

1. e4 c6 2. d4 d5 3. e5 c5 4. Nf3 cxd4 5. Nxd4 Nc6 6. Nxc6 bxc6 7. Bd3 e6 8. O-O
Ne7 9. Nd2 a5 10. Nf3 Ba6 11. Bxa6 Rxa6 12. c4 Ng6 13. cxd5 cxd5 14. h4 h5 15.
Be3 Be7 16. g3 Qd7 17. Rc1 O-O 18. Bd4 Rc6 19. Rxc6 Qxc6 20. Ne1 Rc8 21. Qxh5
Qc4 22. Nf3 Qd3 23. Qg4 Rc4 24. h5 Nxe5 25. Nxe5 Rxd4 26. Nxd3 Rxg4 27. Rc1 Bd6
28. Rc6 Bxg3 29. fxg3 Rxg3+ 30. Kf2 Rxd3 31. Ke2 Rh3 0-1

[Event "chess.com SpeedChess 2022"]
[Site "chess.com INT"]
[Date "2022.12.09"]
[Round "2.14"]
[White "Nihal, Sarin"]
[Black "Ding, Liren"]
[Result "0-1"]
[WhiteTitle "GM"]
[BlackTitle "GM"]
[WhiteElo "2670"]
[BlackElo "2811"]
[WhiteFideId "25092340"]
[BlackFideId "8603677"]
[EventDate "2022.11.23"]
[EventType "k.o."]

1. e4 e5 2. Nf3 Nc6 3. Bb5 a6 4. Ba4 Nf6 5. O-O Be7 6. d3 b5 7. Bb3 d6 8. Bd2
Bg4 9. c3 Na5 10. Bc2 c5 11. Re1 O-O 12. h3 Bh5 13. Bc1 Qc7 14. Nbd2 Rad8 15.
Qe2 Rfe8 16. Nf1 d5 17. Ng3 Bg6 18. Nh4 d4 19. Nhf5 Bf8 20. Bg5 Re6 21. cxd4
exd4 22. Rad1 h6 23. Bxf6 Rxf6 24. Qg4 Nc6 25. f4 Qc8 26. Bb3 Kh7 27. Qh4 Bxf5
28. Nxf5 Qd7 29. g4 Rg6 30. Kh1 Re8 31. e5 Na5 32. Ng3 Nxb3 33. axb3 Qd5+ 34.
Kh2 Kg8 35. Ne4 Qxb3 36. Qf2 Rge6 37. g5 Qd5 38. Rg1 h5 39. Qf3 g6 0-1

[Event "chess.com SpeedChess 2022"]
[Site "chess.com INT"]
[Date "2022.12.09"]
[Round "2.15"]
[White "Ding, Liren"]
[Black "Nihal, Sarin"]
[Result "0-1"]
[WhiteTitle "GM"]
[BlackTitle "GM"]
[WhiteElo "2811"]
[BlackElo "2670"]
[WhiteFideId "8603677"]
[BlackFideId "25092340"]
[EventDate "2022.11.23"]
[EventType "k.o."]

1. d4 Nf6 2. c4 e6 3. Nf3 d5 4. Nc3 Bb4 5. cxd5 exd5 6. Bg5 h6 7. Bh4 g5 8. Bg3
Ne4 9. Nd2 Nxg3 10. hxg3 c6 11. Qc2 Nd7 12. a3 Bf8 13. e4 dxe4 14. O-O-O Bg7 15.
Ndxe4 Nb6 16. f4 gxf4 17. gxf4 Bf5 18. g4 Bxe4 19. Re1 Kf8 20. Rxe4 Bxd4 21. Ne2
Bg7 22. Ng3 Qd5 23. Kb1 Rd8 24. Be2 Qd7 25. Nf5 Re8 26. Qc5+ Kg8 27. Rxe8+ Qxe8
28. Ne7+ Kf8 29. Nxc6+ Kg8 30. Ne7+ Kf8 31. Nf5+ Kg8 32. Bd3 Bxb2 33. Nxh6+ Rxh6
34. Rxh6 Qe1+ 35. Ka2 Bg7 36. Rh2 Qa1+ 37. Kb3 Qd1+ 38. Bc2 Qxg4 39. Rd2 Qe6+
40. Kb4 a5+ 0-1

[Event "chess.com SpeedChess 2022"]
[Site "chess.com INT"]
[Date "2022.12.09"]
[Round "2.16"]
[White "Nihal, Sarin"]
[Black "Ding, Liren"]
[Result "1-0"]
[WhiteTitle "GM"]
[BlackTitle "GM"]
[WhiteElo "2670"]
[BlackElo "2811"]
[WhiteFideId "25092340"]
[BlackFideId "8603677"]
[EventDate "2022.11.23"]
[EventType "k.o."]

1. d4 Nf6 2. Nf3 d5 3. c4 e6 4. Nc3 c6 5. e3 Nbd7 6. Be2 Bd6 7. O-O O-O 8. b3 b6
9. Bb2 Bb7 10. Qc2 Re8 11. Rad1 Qe7 12. Rfe1 Rad8 13. cxd5 cxd5 14. Rc1 a6 15.
Bd3 b5 16. Ne2 Ne4 17. Qb1 h5 18. Ne5 Qg5 19. f4 Qe7 20. Bxe4 dxe4 21. Ng3 Nf6
22. Nc6 Bxc6 23. Rxc6 Bb4 24. Re2 Qb7 25. Rec2 h4 26. Nf1 Nd5 27. Qc1 Bd6 28. a3
Ne7 29. R6c3 Rc8 30. Rxc8 Rxc8 31. Rxc8+ Nxc8 32. Qe1 Be7 33. Qc3 Nb6 34. Qc2 f5
35. Kf2 Nd5 36. Bc1 Kf7 37. Nd2 g5 38. g3 Qa8 39. Nf1 Qh8 40. Qe2 hxg3+ 41. hxg3
Qh1 42. a4 gxf4 43. exf4 Bf6 44. Be3 1-0

[Event "chess.com SpeedChess 2022"]
[Site "chess.com INT"]
[Date "2022.12.09"]
[Round "2.18"]
[White "Nihal, Sarin"]
[Black "Ding, Liren"]
[Result "0-1"]
[WhiteTitle "GM"]
[BlackTitle "GM"]
[WhiteElo "2670"]
[BlackElo "2811"]
[WhiteFideId "25092340"]
[BlackFideId "8603677"]
[EventDate "2022.11.23"]
[EventType "k.o."]

1. d4 Nf6 2. c4 e6 3. Bf4 d5 4. cxd5 Nxd5 5. Bg3 c5 6. e4 Nf6 7. Nd2 Qxd4 8.
Ngf3 Qd8 9. e5 Nd5 10. Bd3 Be7 11. Qe2 Bd7 12. a3 Bc6 13. h4 Nd7 14. O-O O-O 15.
Ne4 Qb6 16. Rad1 Rfd8 17. Nfg5 Nf8 18. Qh5 Be8 19. Nd6 Bxg5 20. Qxg5 Qxb2 21. h5
h6 22. Qg4 Qxa3 23. Bh4 Rxd6 24. exd6 Bc6 25. Rfe1 c4 26. Bxc4 Qxd6 27. Bg3 Nf6
28. Qg6 Qxd1 0-1

[Event "chess.com SpeedChess 2022"]
[Site "chess.com INT"]
[Date "2022.12.09"]
[Round "2.19"]
[White "Ding, Liren"]
[Black "Nihal, Sarin"]
[Result "1/2-1/2"]
[WhiteTitle "GM"]
[BlackTitle "GM"]
[WhiteElo "2811"]
[BlackElo "2670"]
[WhiteFideId "8603677"]
[BlackFideId "25092340"]
[EventDate "2022.11.23"]
[EventType "k.o."]

1. d4 d5 2. c4 e6 3. Nc3 h6 4. Bf4 Nf6 5. e3 Bd6 6. Bxd6 Qxd6 7. cxd5 Nxd5 8.
Rc1 O-O 9. Nf3 b6 10. Nxd5 exd5 11. Qc2 c6 12. Bd3 Be6 13. O-O Rc8 14. Ne5 c5
15. f4 Nc6 16. dxc5 Qe7 17. Nxc6 Rxc6 18. b4 bxc5 19. Bb5 Rb6 20. Qxc5 Qxc5 21.
Rxc5 Rab8 22. a4 a6 23. f5 Bc8 24. Bc6 Rxb4 25. Rxd5 Bb7 26. Bxb7 R8xb7 27. Ra5
Rc7 28. h3 h5 29. f6 g6 30. Rxa6 Rb2 31. Kh2 Rcc2 32. Rg1 Rf2 33. a5 Ra2 34. Kg3
Rf5 35. Rc1 Rg5+ 36. Kf4 Rf5+ 37. Ke4 Ra4+ 38. Kd3 Rd5+ 39. Ke2 Ra2+ 40. Kf3
Rf5+ 41. Ke4 Ra4+ 42. Kd3 Rd5+ 43. Ke2 Ra2+ 44. Kf3 Rf5+ 45. Ke4 1/2-1/2

[Event "chess.com SpeedChess 2022"]
[Site "chess.com INT"]
[Date "2022.12.09"]
[Round "2.21"]
[White "Nihal, Sarin"]
[Black "Ding, Liren"]
[Result "1/2-1/2"]
[WhiteTitle "GM"]
[BlackTitle "GM"]
[WhiteElo "2670"]
[BlackElo "2811"]
[WhiteFideId "25092340"]
[BlackFideId "8603677"]
[EventDate "2022.11.23"]
[EventType "k.o."]

1. e4 e5 2. Nf3 Nc6 3. d4 exd4 4. Nxd4 Nf6 5. Nxc6 bxc6 6. Nd2 Bc5 7. Nb3 Nxe4
8. Nxc5 Nxc5 9. Be3 Qe7 10. Qh5 d5 11. O-O-O O-O 12. Be2 Na4 13. Bd3 g6 14. Qg5
Qxg5 15. Bxg5 Nc5 16. Rhe1 Be6 17. Bf1 Ne4 18. Be3 Rfe8 19. f3 Nd6 20. Bc5 a5
21. a4 Nb7 22. Bf2 Rab8 23. b3 c5 24. Bb5 Red8 25. Bc6 Rd6 26. Bb5 Rb6 27. g4 d4
28. Re5 f6 29. Re2 Bd5 30. Re7 Nd6 31. Rxc7 Nxb5 32. axb5 Rxb5 33. c4 R5b7 34.
Rxc5 Bxf3 35. Rd3 Rxb3 36. Rxb3 Rxb3 37. Bxd4 Bxg4 38. Bxf6 a4 39. Ra5 a3 40.
Be7 Rc3+ 41. Kd2 Rxc4 42. Rxa3 Kf7 43. Bh4 Ke6 44. Bg3 g5 45. Ra6+ Kf5 46. Rh6
Rd4+ 47. Ke3 Rd7 48. h4 gxh4 49. Bxh4 Rf7 50. Kf2 Kf4 51. Rf6+ Rxf6 52. Bxf6 h5
53. Be7 h4 54. Bxh4 1/2-1/2

[Event "chess.com SpeedChess 2022"]
[Site "chess.com INT"]
[Date "2022.12.09"]
[Round "2.22"]
[White "Ding, Liren"]
[Black "Nihal, Sarin"]
[Result "1-0"]
[WhiteTitle "GM"]
[BlackTitle "GM"]
[WhiteElo "2811"]
[BlackElo "2670"]
[WhiteFideId "8603677"]
[BlackFideId "25092340"]
[EventDate "2022.11.23"]
[EventType "k.o."]

1. d4 d5 2. c4 dxc4 3. e4 b5 4. a4 c6 5. axb5 cxb5 6. Nc3 Qb6 7. b3 e6 8. bxc4
Bb4 9. Bd2 bxc4 10. Bxc4 Ne7 11. Nf3 O-O 12. O-O a5 13. Re1 Ba6 14. Na4 Qb7 15.
Bxb4 Qxb4 16. Ba2 Nd7 17. d5 Bb5 18. Bb3 exd5 19. exd5 Nf5 20. Rb1 Qd6 21. Nc3
Ba6 22. Ne4 Qh6 23. d6 Nf6 24. Nc5 Rfd8 25. d7 Bb5 26. Ne5 Qf4 27. Nxf7 Bc4 28.
Nxd8 Rxd8 29. g3 1-0

[Event "chess.com SpeedChess 2022"]
[Site "chess.com INT"]
[Date "2022.12.09"]
[Round "2.23"]
[White "Nihal, Sarin"]
[Black "Ding, Liren"]
[Result "0-1"]
[WhiteTitle "GM"]
[BlackTitle "GM"]
[WhiteElo "2670"]
[BlackElo "2811"]
[WhiteFideId "25092340"]
[BlackFideId "8603677"]
[EventDate "2022.11.23"]
[EventType "k.o."]

1. e4 e5 2. Nf3 Nc6 3. Bb5 a6 4. Ba4 Nf6 5. O-O Be7 6. Re1 b5 7. Bb3 O-O 8. h3
Bb7 9. d3 d5 10. exd5 Nxd5 11. a4 Nd4 12. Nxd4 exd4 13. Nd2 Nf6 14. Nf3 c5 15.
Bd2 Bd6 16. Ne5 Qc7 17. Ng4 Nd5 18. axb5 axb5 19. Nh6+ gxh6 20. Bxh6 Kh8 21. Qh5
Nf4 22. Qf5 Nxh3+ 23. Qxh3 Rxa1 24. Rxa1 Rg8 25. Qf5 Bh2+ 26. Kf1 Bxg2+ 27. Ke1
Qe7+ 28. Kd2 Qh4 29. Bf4 Qxf4+ 0-1

[Event "chess.com SpeedChess 2022"]
[Site "chess.com INT"]
[Date "2022.12.09"]
[Round "2.24"]
[White "Ding, Liren"]
[Black "Nihal, Sarin"]
[Result "0-1"]
[WhiteTitle "GM"]
[BlackTitle "GM"]
[WhiteElo "2811"]
[BlackElo "2670"]
[WhiteFideId "8603677"]
[BlackFideId "25092340"]
[EventDate "2022.11.23"]
[EventType "k.o."]

1. d4 Nf6 2. c4 e6 3. Nf3 b6 4. g3 Bb7 5. Bg2 Bb4+ 6. Bd2 c5 7. Bxb4 cxb4 8. O-O
O-O 9. Qd3 d5 10. Nbd2 a5 11. Ne5 Nc6 12. cxd5 exd5 13. Nxc6 Bxc6 14. Rfc1 Bb7
15. Nf1 Re8 16. Ne3 h5 17. h4 g6 18. Rc2 Qd6 19. Rac1 Re7 20. Bh3 Ba6 21. Rc6
Qxc6 22. Rxc6 Bxd3 23. Rxf6 Bb1 24. Rxb6 Bxa2 25. Bg2 Raa7 26. Kf1 Reb7 27. Rd6
a4 28. Nxd5 Rb8 29. Be4 a3 30. bxa3 bxa3 31. Nc3 Bb3 32. Kg2 Kg7 33. d5 Rc7 34.
Rc6 Rxc6 35. dxc6 a2 36. Nxa2 Bxa2 37. f4 Rc8 0-1